000 00184nam a2200085Ia 4500
942 _cBK
245 0 _aWEB DESIGN
100 _aJAMES BRANNAN
008 210804s9999 xx 000 0 und d
999 _c41317
_d41316